000 00482nam a2200181Ia 4500
008 210719s1994 xx 000 0 und d
020 _a978-0-671-75915-5
041 _aeng
082 _a332.6322 LYNB
100 _aLYNCH (Peter);ROTHCHILD (John)
245 _aBeating the street
260 _aNew York
_bSimon & Schuster
_c1994
300 _a332
_bPB
365 _b398
_cRs
650 _aInvestment Management
650 _aInvestment Management
906 _aBeating ; street
999 _c211743
_d211743